00717 2200241 4500001002100000005001700021008004100038020001800079035002400097082001100121090001600132245013000148250001100278260002900289300002200318500003100340650004400371700001200415850001200427980001500439985000600454999001500460YOGYA-0209000006939720090227093223.0 ind  a979-459-844-5 0010-020900000069397 a819.51 a819.51bKon aKONSEP dan warna lokal Bali dalam cerpen Indonesia periode 1920-1960cI. Gusti Ketut Ardhana...[et.al.] ; penyunting, Sukasdi aCet. 1 aJakartabDepdikbudc1998 ax, 113 hlmc21 cm aBibliografi : hlm. 112-113 aKesusasteraan Indonesia - Cerita pendek aSukasdi aYOPDYOG a27-03-2008 a1 a99A0032227